000 00658nam a2200217 a 4500
001 BRCA_6826
005 20190320205615.0
008 041111s1945----nyua######---#000-0#eng-#
041 _aeng
044 _anyu
050 4 _aSB450 95
_b.N48
_c1945
245 1 0 _aThe new garden encyclopedia
_bspecial supplement for Victory Gardens
_cedited by E. L. D. Seymour
260 _aNueva York
_bWm. H. Wiss
_c1945
300 _a1380 p.
_bil.
_c22 cm.
500 _aDiccionario inventariado por Banco de México como libro
500 _aI159
650 1 4 _aJardinería
_xDiccionarios
_917021
700 1 _aI. Seymour
_eEditor.
_917022
902 _aGFM
942 _2lcc
_cB
999 _c6509
_d6509